• 首页
  • 本馆介绍
  • 公告通知
  • 最新文献
  • 馆藏检索
  • 电子资源
  • 读者导购
  • 参考咨询
  • 我的图书馆
  • 登录
  • 详细信息显示
  • 放入我的书架
  • 预约/预借图书
  • 作者相关作品
  • 分类相关作品
  • 丛书相关作品
  • 出版社相关作品

书目信息

  • 表格格式
  • 工作单格式
  • 卡片格式
题名:
大学英语专业四级词汇手册
    
 
作者: 黄婷 主编
分册:  
出版信息: 北京   中国国际广播出版社  2000.09
页数: 464页
开本: 20cm
丛书名:
单 册:
中图分类: H313-62
科图分类:
主题词: 英语
电子资源:
ISBN: 7-5078-1887-X
000 00579nam0 2200193 450
001 0631553749
005 20070723165726.07
010    @a7-5078-1887-X@dCNY10.00
100    @a20061018d2000 km y0chiy0120 ea
101 0  @achi
102    @aCN@b110000
200 1  @a大学英语专业四级词汇手册@Ada xue ying yu zhuan ye si ji ci hui shou ce@f黄婷等主编@Fhuang ting deng zhu bian
210    @a北京@c中国国际广播出版社@d2000.09
215    @a464页@d20cm
606 0  @a英语
690    @aH313-62@v3
701  0 @a黄婷@Ahuang ting@4主编
801  0 @aCN@bPFT@c20070723
905    @a10447@dH313-62@e499
    
    大学英语专业四级词汇手册/黄婷等主编.-北京:中国国际广播出版社,2000.09
    464页;20cm
    
    
    ISBN 7-5078-1887-X:CNY10.00
    
●
相关链接 在E读中查询图书 在五车中查询图书 在当当中查询图书 在豆瓣中查询图书


正题名:大学英语专业四级词汇手册     索取号:H313-62/499         预约/预借

序号 登录号 条形码 馆藏地/架位号 状态 备注
1 0499590   204995906   密集书库/ [索取号:H313-62/499] 在馆    
2 0499597   204995979   密集书库/ [索取号:H313-62/499] 在馆    
3 0499620   204996200   密集书库/ [索取号:H313-62/499] 在馆    
4 0783112   207831122   密集书库/ [索取号:H313-62/499] 在馆    
5 0783113   207831131   密集书库/ [索取号:H313-62/499] 在馆    
6 0783114   207831140   密集书库/ [索取号:H313-62/499] 在馆    
7 0783115   207831159   密集书库/ [索取号:H313-62/499] 在馆    
8 0783116   207831168   密集书库/ [索取号:H313-62/499] 在馆    
9 0783117   207831177   密集书库/ [索取号:H313-62/499] 在馆    
10 0783118   207831186   密集书库/ [索取号:H313-62/499] 在馆    
11 0783119   207831195   密集书库/ [索取号:H313-62/499] 在馆    
12 0783120   207831202   密集书库/ [索取号:H313-62/499] 在馆    
13 0783121   207831211   密集书库/ [索取号:H313-62/499] 在馆    
唐山师范学院图书馆 欢迎您!
大连网信软件有限公司© 版权所有